000 00210nam a22000857a 4500
003 SGT
245 _aHYDRAULIC & PNEUMATIC(JAN,JUNE)
260 _aNEW DELHI
_bINDIAN NATIONAL SCIENCE ACADEMY
_c2012
942 _2ddc
_cBV
999 _c17075
_d17075